|
|
|
|
| LEADER |
01154nam a2200265 a 4500 |
| 001 |
GR-MES13166 |
| 008 |
070924s gr b 001 0 gre d |
| 020 |
|
|
|a 0761924477
|
| 040 |
|
|
|a GrPaTEI
|b gre
|c GR-PaULI
|
| 040 |
|
|
|a GrPaTEI
|b gre
|c GR-PaULI
|
| 082 |
|
0 |
|a 364.155 530
|2 21
|
| 100 |
1 |
|
|a Buzawa, Eve S.
|
| 245 |
1 |
0 |
|a Domestic violence :
|b The criminal justice response /
|c Eve S. Buzawa / Carl G. Buzawa.
|
| 250 |
|
|
|a 3rd ed.
|
| 260 |
|
|
|a Thousand Oaks :
|b Sage publications,
|c c2003
|
| 300 |
|
|
|a viii
|a 319σ. ;
|c 26εκ.
|
| 504 |
|
|
|a Περιλαμβάνει βιβλιογραφίες και ευρετήριο.
|
| 650 |
|
4 |
|a Οικογενειακή βία
|
| 653 |
|
|
|a WIFE ABUSE--UNITED STATES
|
| 653 |
|
|
|a ΓΥΝΑΙΚΑ--ΚΑΚΟΠΟΙΗΣΗ
|z ΗΝΩΜΕΝΕΣ ΠΟΛΙΤΕΙΕΣ ΑΜΕΡΙΚΗΣ
|
| 700 |
1 |
|
|a Buzawa, Carl G.
|
| 942 |
|
|
|2 ddc
|
| 952 |
|
|
|0 0
|1 0
|2 ddc
|4 0
|6 364_155000000000000_530_BUZ
|7 0
|9 271674
|a MSLG
|b MSLG
|c BSC
|d 2021-01-17
|e 24
|f 0
|g 0.00
|l 0
|o 364.155 530 BUZ
|p 2420000022561
|r 2021-01-17 00:00:00
|t 1
|w 2021-01-17
|y BK15
|x 20070924 0 ΤΣΑΝΤΑΡΛΙΩΤΗ 1
|x GrPaTEI
|
| 971 |
|
|
|a .b25792143
|b 15-04-20
|c 13-09-16
|
| 999 |
|
|
|c 156967
|d 156967
|